Southville International School and Colleges
Your cart is empty.
  • Cart
  • Lists
    Public lists Eva Luna New books Lux_list list_1
    Your lists Log in to create your own lists
  • Log in to your account
  • Your cookies
  • Search history
Southville International School and Colleges
  • Advanced search
  • Recent comments
  • Most popular
  • Libraries

Log in to your account

Log in with GOOGLE


If you do not have an external account, but do have a local account, you can still log in:

  1. Home
  2. MARC view: Punctuation power :
Normal view MARC view ISBD view

Punctuation power : (Record no. 105080)

[ view plain ]
MARC details
000 -LEADER
fixed length control field 00783nam a2200193 a 4500
005 - DATE AND TIME OF LATEST TRANSACTION
control field 20140412111338.0
008 - FIXED-LENGTH DATA ELEMENTS--GENERAL INFORMATION
fixed length control field 050418s19uu xx 00 eng d
020 ## - INTERNATIONAL STANDARD BOOK NUMBER
International Standard Book Number 0-590-38673-5
050 ## - LIBRARY OF CONGRESS CALL NUMBER
Classification number TR(GS 428.2
Item number T47 2000
100 ## - MAIN ENTRY--PERSONAL NAME
Personal name Terban, Marvin
245 ## - TITLE STATEMENT
Title Punctuation power :
Remainder of title punctuation and how to use it /
Statement of responsibility, etc Marvin Terban.
260 ## - PUBLICATION, DISTRIBUTION, ETC. (IMPRINT)
Place of publication, distribution, etc New York :
Name of publisher, distributor, etc Scholatic Inc.,
Date of publication, distribution, etc 2000.
300 ## - PHYSICAL DESCRIPTION
Extent 96 p. ; ill.
440 ## - SERIES STATEMENT/ADDED ENTRY--TITLE
Title Scholastic Guides
520 ## - SUMMARY, ETC.
Summary, etc Explains the purpose and importance of punctuation and how it is used, covering apostrophes, colons, commas, exclamation points, hypens, parentheses, slashes, and more.
650 ## - SUBJECT ADDED ENTRY--TOPICAL TERM
Topical term or geographic name as entry element English language
General subdivision Punctuation
-- Handbooks, manuals, etc.
-- Juvenile literature
650 ## - SUBJECT ADDED ENTRY--TOPICAL TERM
Topical term or geographic name as entry element English language
General subdivision Punctuation
Holdings
Withdrawn status Lost status Damaged status Home library Current library Shelving location Date acquired Source of acquisition Cost, normal purchase price Total Checkouts Full call number Barcode Date last seen Price effective from Koha item type
      Elizalde Library Elizalde Library Teachers Reference Section 04/18/2005   200.00   TR(GS 428.2 T47 2000 E9387 04/12/2014 04/12/2014 Books

Punctuation power :

APA

Terban M., . (2000). Punctuation power. New York: Scholatic Inc.

Chicago

Terban Marvin, . 2000. Punctuation power. New York: Scholatic Inc.

Harvard

Terban M., . (2000). Punctuation power. New York: Scholatic Inc.

MLA

Terban Marvin, . Punctuation power. New York: Scholatic Inc. 2000.

  • Place hold
  • Print
  • Cite
  • Add to your cart (remove)
  • Save record
    BIBTEX Dublin Core MARCXML MARC (non-Unicode/MARC-8) MARC (Unicode/UTF-8) MARC (Unicode/UTF-8, Standard) MODS (XML) RIS
  • More searches
    Search for this title in:
    Other Libraries (WorldCat) Other Databases (Google Scholar) Online Stores (Bookfinder.com) Open Library (openlibrary.org)

Exporting to Dublin Core...

SOUTHVILLE LIBRARY

Southville International School and Colleges Library

1281 Tropical Ave. Cor. Luxembourg St., BF Homes International, Las Pinas City

Tel. No. 8256374 / 252358 Loc. 117/146

Powered by Koha